Cepheden cepheye : (Record no. 14218)

MARC details
000 -BAŞLIK
Sabit Uzunlukta Kontrol Alanı 01077nam a22002417a 4500
999 ## - SİSTEM KONTROL NUMARALARI (KOHA)
Koha Biblionumber 14218
Koha Biblioitemnumber 14218
003 - KONTROL NUMARASI IDENTIFIER
Denetim Alanı MIRAKIL
005 - SON İŞLEM TARİHİ VE ZAMANI
Denetim Alanı 20201120133316.0
008 - SABİT-BOY VERİ ELEMANLARI - GENEL BİLGİLER
Sabit Uzunlukta Kontrol Alanı 201120b tu ||||| |||| 00| 0 tur d
040 ## - KATALOGLAMA KAYNAK
Orijinal Kataloglama Ajansı TR-AnCHP
Metne Dönüştürmek Ajansı TR-AnCHP
041 ## - DİL KODU
Metin / Ses Parça Veya Ayrı Başlığın Dil Kodu Tur
082 ## - DEWEY ONLU SINIFLANDIRMA NUMARASI
Sınıflandırma Numarası 956.101543
Ürün Numarası M95c 1940
100 ## - ANA GİRİŞ - KİŞİSEL İSİM
Kişisel Ad Münim Mustafa
245 10 - BAŞLIK TABLOSU
Başlık Cepheden cepheye :
Başlığın Kalan 914-918 ihtiyat zabiti bulunduğum sırada cihan harbinde Kanal, Çanakkale ve Kafkas cephelerine ait hatıralarım /
Sorumluluk Tablosu, Vb Münim Mustafa.
246 ## - UNVAN FORM VARYING
Başlık Doğru / Kısa Başlığı 914-918 ihtiyat zabiti bulunduğum sırada cihan harbinde Kanal, Çanakkale ve Kafkas cephelerine ait hatıralarım /
260 ## - YAYIN, DAĞITIM, VB
Yayın, Dağıtım, Vb Yeri İstanbul:
Yayıncı, Dağıtıcı, Vs Adı [yay.y.]
Yayın, Dağıtım, Vb Tarihi 1940.
Üretici Firma Ege Basımevi.
300 ## - FİZİKSEL TANIM
Kapsam 161 s.:
Boyutlar 19 sm.
650 #0 - KONU KATMA GİRİŞ - TOPİKAL DÖNEM
9 (RLIN) 5657
Topikal Süreli Veya Coğrafi Ad Giriş Elemanı Birinci Dünya savaşı
Genel Alt Bölümü Kanal Cephesi
-- Anılar
Kronolojik Alt Bölümü 1914-1918
650 #0 - KONU KATMA GİRİŞ - TOPİKAL DÖNEM
9 (RLIN) 5657
Topikal Süreli Veya Coğrafi Ad Giriş Elemanı Birinci Dünya savaşı
Genel Alt Bölümü Çanakkale Cephesi
-- Anılar
Kronolojik Alt Bölümü 1914-1918
651 #0 - KONU KATMA GİRİŞ - COĞRAFİ ADI
9 (RLIN) 5416
Coğrafi İsim Türkiye
Genel Alt Bölümü Tarih
Kronolojik Alt Bölümü 1914-1918
740 ## - KATMA GİRİŞ - KONTROLSUZ İLGİLİ / ANALİTİK BAŞLIK
Kontrol Edilmeyen / İlgili Analitik Başlıktaki 914-918 ihtiyat zabiti bulunduğum sırada cihan harbinde Kanal, Çanakkale ve Kafkas cephelerine ait hatıralarım /
942 ## - EKLENDİ GİRİŞ ELEMANLARI (KOHA)
Sınıflandırma Veya Raf Düzeni Kaynak Dewey Decimal Classification
Koha Öğesi Türü Books
999 ## - SİSTEM KONTROL NUMARALARI (KOHA)
Koha Biblioitemnumber 14218
Holdings
Kalıcı Konum Mevcut Konum Edinme Tarihi Toplam Check-Out'Lar Tam Çağrı Numarası Barkod Tarih Son Görülme Kopya Sayısı İtibaren Geçerli Fiyatlar Sigara Kamu Notu Koha Öğesi Türü
CHP Kütüphanesi CHP Kütüphanesi 11/20/2020   956.101543 M95c 1940 019747 11/20/2020 c.1 11/20/2020 Emine Başak Alkan Bağışıdır. Books